Bayern ohne 20 zufällige Landkreise/ kreisfreie Städte - Statistiken

Allgemein
  • Dieses Quiz wurde 629 mal gespielt
  • Das Durchschnittsergebnis liegt bei 11 aus 20
Antworten auf der Karte
Die Antworten werden auf der Karte rot bzw. grün angezeigt, abhängig davon wie oft sie richtig erraten wurden.
 
Antwortstatistiken
Landkreis % Korrekt
Traunstein
89%
Garmisch-Partenkirchen
86%
Memmingen
79%
Fürstenfeldbruck
78%
Regen
78%
Ostallgäu
77%
Coburg Stadt
76%
Neu-Ulm
76%
Weiden i.d.O.
76%
Bamberg Stadt
75%
Cham
75%
Passau Stadt
75%
Bad Tölz Wolfratshausen
74%
Bayreuth Stadt
74%
Kaufbeuren
73%
Lindau (Bodensee)
73%
Kempten
70%
Regensburg Stadt
70%
Oberallgäu
68%
Würzburg Stadt
68%
Nürnberg Stadt
67%
Hof Stadt
66%
Rhön-Grabfeld
66%
Aschaffenburg Stadt
65%
Berchtesgadener Land
65%
Starnberg
65%
Ingolstadt
64%
Rosenheim Stadt
64%
Straubing Stadt
64%
Bamberg Land
63%
Dachau
63%
Tirschenreuth
63%
Weilheim-Schongau
62%
Wunsiedel i.F.
62%
Bad Kissingen
61%
Fürth Land
61%
Dingolfing-Landau
59%
Forchheim
59%
Kulmbach
59%
Rottal-Inn
59%
Aichach-Friedberg
58%
Ansbach Stadt
58%
Deggendorf
58%
Fürth Stadt
58%
Kronach
58%
München Stadt
58%
Landshut Stadt
57%
Unterallgäu
57%
Amberg Stadt
56%
Erlangen
56%
Haßberge
56%
Kitzingen
56%
Miltenberg
56%
Alt-Ötting
55%
Schweinfurt Stadt
55%
Erding
54%
Passau Land
54%
Lichtenfels
53%
Roth
53%
Schwabach
53%
Schwandorf
53%
Schweinfurt Land
53%
Miesbach
52%
München Land
52%
Neumarkt i.d.O.
52%
Nürnberger Land
52%
Pfaffenhofen a.d.Illm
52%
Neuburg-Schrobenhausen
51%
Augsburg Stadt
50%
Günzburg
50%
Hof Land
50%
Landshut Land
50%
Mühldorf am Inn
50%
Dillingen a.d.Donau
48%
Ebersberg
48%
Würzburg Land
47%
Landsberg am Lech
46%
Freyung-Grafenau
45%
Eichstätt
43%
Main-Spessart
43%
Donau-Ries
42%
Ansbach Land
41%
Augsburg Land
41%
Weißenburg-Gunzenhausen
41%
Kelheim
40%
Amberg-Sulzbach
38%
Aschaffenburg Land
38%
Coburg Land
38%
Freising
38%
Regensburg Land
38%
Neustadt an der Aisch
33%
Neustadt an der Waldnaab
33%
Bayreuth Land
31%
Straubing-Bogen
30%
Rosenheim Land
23%
Erlangen-Höchstadt
20%
Keine übereinstimmenden Quizze gefunden
Verteilung der Resultate
Anzahl Personen mit jedem Resultat
Perzentil nach korrekt beantworteten Fragen
Ihre Resultats-Entwicklung
Sie haben dieses Quiz noch nicht gespielt